[Event "TUR-chT 1st League"]
[Site "Denizli"]
[Date "2023.07.10"]
[Round "3.95"]
[White "Ozbek, Busra"]
[Black "Acar, Ilayda"]
[Result "1-0"]
[WhiteElo "1814"]
[BlackElo "1579"]
[PlyCount "125"]
[EventDate "2023.07.09"]
[EventType "team-swiss"]
[EventRounds "9"]
[EventCountry "TUR"]
[SourceTitle "CBM 215 Extra"]
[Source "ChessBase"]
[SourceDate "2023.09.30"]
[SourceVersion "1"]
[SourceVersionDate "2023.09.30"]
[SourceQuality "1"]
[WhiteTeam "Bogazici Universitesi"]
[BlackTeam "Karaman Saglik"]
[WhiteTeamCountry "TUR"]
[BlackTeamCountry "TUR"]

1. d4 Nf6 2. Bf4 g6 3. c4 Bg7 4. Nc3 0-0 5. e4 d6 6. Qd2 Re8 7. Bh6 Bh8 8. f3 Nbd7 9. 0-0-0 e5 10. d5 a5 11. h4 Nc5 12. g4 Nfd7 13. h5 Nf8 14. Nge2 Bf6 15. hxg6 fxg6 16. Kb1 Qe7 17. Ng3 a4 18. Be2 a3 19. b3 Bd7 20. Rh3 Bg7 21. Rg1 Bxh6 22. Qxh6 Qf7 23. Nf5 Kh8 24. Rhg3 Rad8 25. Ne3 Qf4 26. Rh3 Qxh6 27. Rxh6 Re7 28. Nb5 Bxb5 29. cxb5 Rf7 30. g5 Nfd7 31. Rc1 Rc8 32. Rc3 Nf8 33. Nc4 Ra8 34. Nxe5 dxe5 35. Rxc5 b6 36. Rc6 Rd7 37. Rh1 Ra7 38. Rhc1 Kg7 39. Bf1 h5 40. gxh6+ Kxh6 41. Bh3 Rf7 42. Bg4 Kg5 43. d6 cxd6 44. Rxd6 Nd7 45. Be6 Re7 46. Bxd7 Rexd7 47. Rxb6 Kf4 48. Rxg6 Kxf3 49. b6 Rab7 50. Rgc6 Rd2 51. Rf6+ Kxe4 52. Rc7 Rd7 53. Rxd7 Rxd7 54. Rc6 Rb7 55. Kc2 Kd5 56. Rh6 Kc5 57. Kd3 Rxb6 58. Rxb6 Kxb6 59. Ke4 Kc5 60. Kxe5 Kb4 61. Kd4 Kb5 62. Kc3 Ka5 63. Kc4 1-0

[Event "TUR-chT 1st League"]
[Site "Denizli"]
[Date "2023.07.10"]
[Round "2.85"]
[White "Yorgun, Yaren Naz"]
[Black "Ozbek, Busra"]
[Result "1/2-1/2"]
[WhiteElo "1780"]
[BlackElo "1814"]
[PlyCount "130"]
[EventDate "2023.07.09"]
[EventType "team-swiss"]
[EventRounds "9"]
[EventCountry "TUR"]
[SourceTitle "CBM 215 Extra"]
[Source "ChessBase"]
[SourceDate "2023.09.30"]
[SourceVersion "1"]
[SourceVersionDate "2023.09.30"]
[SourceQuality "1"]
[WhiteTeam "Bursa Deneyim"]
[BlackTeam "Bogazici Universitesi"]
[WhiteTeamCountry "TUR"]
[BlackTeamCountry "TUR"]

1. e4 d5 2. exd5 Qxd5 3. Nc3 Qd8 4. Bc4 Nf6 5. Nf3 Bf5 6. d3 e6 7. Bd2 c6 8. Qe2 Nbd7 9. Nd4 Bg6 10. Bxe6 fxe6 11. Nxe6 Qe7 12. Nc7+ Kf7 13. Nxa8 Qxe2+ 14. Nxe2 Bd6 15. Bf4 Bxf4 16. Nxf4 Rxa8 17. Nxg6 Kxg6 18. Kd2 Rd8 19. Rae1 Kf7 20. Re2 Nb6 21. Rhe1 Rd7 22. f4 Nbd5 23. g3 Ne7 24. c3 Nf5 25. Kc2 h5 26. Rg1 Ng4 27. Kd2 h4 28. h3 Nf6 29. g4 Ng3 30. Reg2 Nfe4+ 31. Kc2 Nc5 32. Rd1 Re7 33. b4 Ne6 34. Rf2 Nc7 35. Kd2 Nd5 36. a3 b5 37. Re1 Rxe1 38. Kxe1 Ke6 39. c4 bxc4 40. dxc4 Ne3 41. c5 Nc4 42. a4 Kd5 43. b5 Kxc5 44. bxc6 Kxc6 45. f5 Ne4 46. Rf4 Kd5 47. g5 Nxg5 48. Ke2 Nd6 49. Rxh4 Nxf5 50. Rh8 Nd4+ 51. Kd3 Nge6 52. Rh5+ g5 53. Rh7 a5 54. Ra7 Nc6 55. Rh7 Kc5 56. Ke3 Kb4 57. Rh6 Ncd4 58. Ke4 Kxa4 59. h4 gxh4 60. Rxh4 Nb3 61. Rh8 Nec5+ 62. Kd5 Na6 63. Rh6 Nb4+ 64. Kc4 Ka3 65. Rh8 Na6 1/2-1/2

[Event "EU-ch Online U16 Girls"]
[Site "Tornelo INT"]
[Date "2020.09.20"]
[Round "7"]
[White "Koc, Azra Ece"]
[Black "Ozbek, Busra"]
[Result "0-1"]
[WhiteElo "1734"]
[BlackElo "1904"]
[PlyCount "92"]
[EventDate "2020.09.18"]
[EventType "swiss (rapid)"]
[EventRounds "9"]
[EventCountry "NET"]
[SourceTitle "EXT 2023"]
[Source "ChessBase"]
[SourceDate "2022.10.05"]
[SourceVersion "1"]
[SourceVersionDate "2022.10.05"]
[SourceQuality "1"]
[WhiteTeam "Turkey"]
[BlackTeam "Turkey"]
[WhiteTeamCountry "TUR"]
[BlackTeamCountry "TUR"]

1. d4 Nf6 2. Bf4 g6 3. Nc3 Bg7 4. e4 d6 5. Qd2 h6 6. 0-0-0 c6 7. h4 b5 8. f3 a6 9. g4 Bb7 10. Bh3 Qa5 11. Kb1 Nbd7 12. e5 dxe5 13. dxe5 Nd5 14. Nxd5 Qxd2 15. Rxd2 cxd5 16. Re2 e6 17. Bg2 Rc8 18. Bg3 Rc4 19. b3 Rc7 20. Nh3 0-0 21. f4 Rfc8 22. f5 a5 23. Rhe1 Rc3 24. Bh2 b4 25. fxg6 fxg6 26. Nf2 Ba6 27. Rd2 Bf8 28. Nd1 R3c7 29. Bg1 Be7 30. Bf2 Bb5 31. h5 Bg5 32. Be3 Bxe3 33. Rxe3 g5 34. Nb2 Rf8 35. Nd3 Bxd3 36. Rexd3 Rf4 37. Rf3 Rxf3 38. Bxf3 Nxe5 39. Bd1 Rf7 40. Re2 Rf1 41. Kc1 Nxg4 42. Kd2 Nf2 43. Re1 Rxe1 44. Kxe1 Nxd1 45. Kxd1 Kf7 46. Ke2 e5 0-1

[Event "TUR-ch U13-U18 Girls"]
[Site "Antalya"]
[Date "2020.01.24"]
[Round "9"]
[White "Ozbek, Busra"]
[Black "Eroltu, Ceylan"]
[Result "1-0"]
[WhiteElo "1903"]
[BlackElo "1361"]
[PlyCount "39"]
[EventDate "2020.01.19"]
[EventType "swiss"]
[EventRounds "11"]
[EventCountry "TUR"]
[SourceTitle "CBM 195 Extra"]
[Source "ChessBase"]
[SourceDate "2020.05.31"]
[SourceVersion "1"]
[SourceVersionDate "2020.05.31"]
[SourceQuality "1"]

1. Nf3 d5 2. e3 Nf6 3. c4 e6 4. b3 Be7 5. Bb2 0-0 6. Be2 b6 7. 0-0 Bb7 8. Nc3 Nbd7 9. d4 c5 10. Rc1 Rc8 11. cxd5 Nxd5 12. Nxd5 exd5 13. Bd3 Nf6 14. Qe2 Rc7 15. Rfd1 Bd6 16. Nh4 cxd4 17. Bxd4 Re8 18. Nf5 Be5 19. Qf3 Bxd4 20. Qg3 1-0

[Event "TUR-ch U13-U18 Girls"]
[Site "Antalya"]
[Date "2020.01.21"]
[Round "4"]
[White "Sural, Ceren"]
[Black "Ozbek, Busra"]
[Result "1/2-1/2"]
[WhiteElo "1652"]
[BlackElo "1903"]
[PlyCount "67"]
[EventDate "2020.01.19"]
[EventType "swiss"]
[EventRounds "11"]
[EventCountry "TUR"]
[SourceTitle "CBM 195 Extra"]
[Source "ChessBase"]
[SourceDate "2020.05.31"]
[SourceVersion "1"]
[SourceVersionDate "2020.05.31"]
[SourceQuality "1"]

1. e4 c5 2. d3 d6 3. g3 Nc6 4. Bg2 g6 5. Nf3 Bg7 6. 0-0 e6 7. c3 Nge7 8. Be3 0-0 9. Na3 Rb8 10. d4 cxd4 11. Nxd4 a6 12. Rc1 b5 13. Nac2 Na5 14. b3 Bb7 15. Qe1 Rc8 16. Bd2 Qd7 17. Ne3 Rfe8 18. Ne2 Bc6 19. f3 d5 20. e5 Bxe5 21. Ng4 Bg7 22. Bh6 Nf5 23. Bxg7 Kxg7 24. Nd4 f6 25. Qd2 g5 26. f4 h6 27. fxg5 fxg5 28. Nxf5+ exf5 29. Qd4+ Kf8 30. Qf6+ Qf7 31. Rxf5 Qxf6 32. Nxf6 Re2 33. Bxd5 Kg7 34. Bxc6 1/2-1/2

[Event "World ol U16"]
[Site "Corum"]
[Date "2019.11.03"]
[Round "7.7"]
[White "Ozbek, Busra"]
[Black "Ivanovic, Marko"]
[Result "0-1"]
[WhiteElo "1903"]
[BlackElo "2269"]
[PlyCount "70"]
[EventDate "2019.10.29"]
[EventType "team-swiss"]
[EventRounds "9"]
[EventCountry "TUR"]
[SourceTitle "CBM 192 Extra"]
[Source "Chessbase"]
[SourceDate "2019.11.06"]
[SourceVersion "1"]
[SourceVersionDate "2019.11.06"]
[SourceQuality "1"]
[WhiteTeam "Turkey White"]
[BlackTeam "Serbia"]
[WhiteTeamCountry "TUR"]
[BlackTeamCountry "SRB"]

1. d4 Nf6 2. c4 g6 3. f3 Bg7 4. e4 0-0 5. Ne2 d6 6. Be3 e5 7. Qd2 Nbd7 8. Nbc3 c6 9. d5 cxd5 10. cxd5 a6 11. g4 b5 12. Ng3 Nc5 13. b4 Ncd7 14. h4 Nb6 15. h5 Ne8 16. Qh2 g5 17. h6 Bf6 18. Qf2 Rb8 19. Nf5 Bxf5 20. gxf5 Kh8 21. Rg1 Rg8 22. Qd2 Nc7 23. Rc1 Nca8 24. Bd3 Be7 25. Kf2 f6 26. a4 Nc4 27. Bxc4 bxc4 28. Na2 Qf8 29. Rxc4 Qxh6 30. Kg2 Qg7 31. Rc6 Qf7 32. Rxa6 g4 33. f4 Rgc8 34. Rc6 Rxc6 35. dxc6 Qc4 0-1

[Event "World ol U16"]
[Site "Corum"]
[Date "2019.10.29"]
[Round "1.10"]
[White "Ozbek, Busra"]
[Black "Wong, Ching Chi"]
[Result "1-0"]
[WhiteElo "1903"]
[BlackElo "1879"]
[PlyCount "91"]
[EventDate "2019.10.29"]
[EventType "team-swiss"]
[EventRounds "9"]
[EventCountry "TUR"]
[SourceTitle "CBM 192 Extra"]
[Source "Chessbase"]
[SourceDate "2019.11.06"]
[SourceVersion "1"]
[SourceVersionDate "2019.11.06"]
[SourceQuality "1"]
[WhiteTeam "Turkey White"]
[BlackTeam "Hong Kong"]
[WhiteTeamCountry "TUR"]
[BlackTeamCountry "HKG"]

1. d4 d5 2. Nf3 Nf6 3. e3 e6 4. Bd3 Nbd7 5. b3 Bd6 6. Bb2 c5 7. 0-0 Qc7 8. c4 e5 9. dxe5 Nxe5 10. h3 dxc4 11. bxc4 Nxd3 12. Qxd3 Be6 13. e4 0-0-0 14. Qe2 Nd7 15. Nc3 Nb6 16. Nd5 Bxd5 17. cxd5 f6 18. a4 Rhe8 19. Qc2 Nd7 20. Rab1 g5 21. Ba3 h5 22. Rb3 g4 23. Nh4 gxh3 24. Rxh3 Rg8 25. Nf5 Rg5 26. Bc1 Rg6 27. Rxh5 Rdg8 28. g3 Ne5 29. Kg2 Ng4 30. Nxd6+ Qxd6 31. Rh3 f5 32. exf5 Qxd5+ 33. Kg1 Rd6 34. Bf4 Rd7 35. Qc3 Qxf5 36. Rh8 Rgd8 37. Rxd8+ Rxd8 38. Rc1 b6 39. Qf3 Rd5 40. Kg2 Nf6 41. Re1 Nh5 42. Re4 Nxf4+ 43. Rxf4 Qe6 44. Rf8+ Kc7 45. Qf4+ Rd6 46. Rf7+ 1-0

[Event "Izmir op 18th"]
[Site "Izmir"]
[Date "2019.09.05"]
[Round "6"]
[White "Yilmaz, Turhan"]
[Black "Ozbek, Busra"]
[Result "1/2-1/2"]
[WhiteElo "2180"]
[BlackElo "1928"]
[PlyCount "162"]
[EventDate "2019.09.02"]
[EventType "swiss"]
[EventRounds "9"]
[EventCountry "TUR"]
[SourceTitle "EXT 2020"]
[Source "ChessBase"]
[SourceDate "2019.10.17"]
[SourceVersion "1"]
[SourceVersionDate "2019.10.17"]
[SourceQuality "1"]

1. e4 g6 2. d4 Bg7 3. Nc3 d6 4. Be3 c6 5. Qd2 b5 6. f3 Nd7 7. g4 Qc7 8. Nce2 Nb6 9. b3 h5 10. g5 Bb7 11. Nh3 e5 12. f4 Ne7 13. Bg2 Rd8 14. Qa5 Nbd5 15. Qxc7 Nxc7 16. a4 a6 17. c4 exf4 18. Nhxf4 bxc4 19. bxc4 c5 20. Rb1 Bc6 21. d5 Bxa4 22. Rb7 Rc8 23. 0-0 Bd7 24. Rfb1 a5 25. Ra7 a4 26. Rbb7 Be5 27. Rxc7 Rxc7 28. Rxc7 Nc8 29. Nd3 a3 30. Nec1 Bc3 31. Rb7 Ba4 32. e5 Bc2 33. Na2 Ba1 34. exd6 Nxd6 35. Rb8+ Ke7 36. Rxh8 Bxh8 37. Ndc1 Nxc4 38. Bxc5+ Kd7 39. Bf1 Nd2 40. Bb5+ Kd8 41. d6 Bd4+ 42. Bxd4 Nf3+ 43. Kf2 Nxd4 44. Bc4 Ne6 45. Nb4 Bf5 46. Bb5 Nxg5 47. Ke3 Ne4 48. Nc6+ Kd7 49. Nd4+ Kxd6 50. Nxf5+ gxf5 51. Kd4 Nd2 52. Be2 h4 53. Kc3 Ne4+ 54. Kd4 Nd2 55. Ke3 Ne4 56. Kf4 Ke6 57. Bd3 Nc3 58. Bc4+ Kf6 59. Ke3 Kg6 60. Kd4 Ne4 61. Nd3 f6 62. Ke3 Kg5 63. h3 Nc3 64. Nb4 f4+ 65. Kf3 Kf5 66. Nc2 a2 67. Bb3 Kg5 68. Be6 Kg6 69. Kxf4 Ne2+ 70. Ke3 Nc3 71. Kd3 Nd1 72. Kd2 Nf2 73. Ke2 Ne4 74. Ke3 Ng5 75. Bd7 f5 76. Kf4 Nxh3+ 77. Ke5 Kg5 78. Bxf5 Nf2 79. Be6 h3 80. Bxa2 h2 81. Bd5 h1Q 1/2-1/2

[Event "EU-ch U16 Girls"]
[Site "Bratislava"]
[Date "2019.08.10"]
[Round "9"]
[White "Ozbek, Busra"]
[Black "Katkov, Michelle"]
[Result "0-1"]
[WhiteElo "1856"]
[BlackElo "2071"]
[PlyCount "106"]
[EventDate "2019.08.02"]
[EventType "swiss"]
[EventRounds "9"]
[EventCountry "SVK"]
[SourceTitle "CBM 191 Extra"]
[Source "ChessBase"]
[SourceDate "2019.09.30"]
[SourceVersion "1"]
[SourceVersionDate "2019.09.30"]
[SourceQuality "1"]

1. e4 e5 2. Nf3 Nc6 3. Bb5 a6 4. Ba4 Nf6 5. 0-0 Nxe4 6. d4 b5 7. Bb3 d5 8. dxe5 Be6 9. Nbd2 Bc5 10. Nxe4 dxe4 11. Bxe6 fxe6 12. Ng5 Qxd1 13. Rxd1 0-0 14. Nxe4 Bb6 15. a4 Rad8 16. Bg5 Rd5 17. axb5 axb5 18. Re1 Rxe5 19. Bd2 Nd4 20. Bc3 Ref5 21. Rad1 Nxc2 22. Re2 Rd5 23. Rxd5 exd5 24. Ng5 Nd4 25. Rd2 Nb3 26. Rxd5 Rxf2 27. Bd4 Bxd4 28. Rxd4 Rxg2+ 29. Kxg2 Nxd4 30. Kf2 h6 31. Ne4 Kf7 32. Nc5 Ne6 33. Ne4 Ng5 34. Nc5 Ke7 35. Ke3 Kd6 36. b4 Kd5 37. Kd3 h5 38. Na6 Ne6 39. Nb8 Nf4+ 40. Ke3 g5 41. Na6 Ne6 42. Kd2 Kc4 43. Kc2 h4 44. Kd2 c6 45. Nb8 Nd4 46. Na6 Nf3+ 47. Ke3 Nxh2 48. Kf2 Ng4+ 49. Kg1 Ne5 50. Nc7 Kxb4 51. Ne6 g4 52. Nf4 c5 53. Nd5+ Kb3 0-1

[Event "TUR-chT 2nd League"]
[Site "Konya"]
[Date "2019.07.24"]
[Round "4.2"]
[White "Ilkbahar, Nimet Seray"]
[Black "Ozbek, Busra"]
[Result "1/2-1/2"]
[WhiteElo "1531"]
[BlackElo "1866"]
[PlyCount "68"]
[EventDate "2019.07.22"]
[EventType "team-swiss"]
[EventRounds "9"]
[EventCountry "TUR"]
[SourceTitle "CBM 191 Extra"]
[Source "ChessBase"]
[SourceDate "2019.09.30"]
[SourceVersion "1"]
[SourceVersionDate "2019.09.30"]
[SourceQuality "1"]
[WhiteTeam "Bursa Nida"]
[BlackTeam "Mercan Egitim"]
[WhiteTeamCountry "TUR"]
[BlackTeamCountry "TUR"]

1. e4 d5 2. exd5 Qxd5 3. Nc3 Qd8 4. d4 Nf6 5. Bc4 a6 6. Nf3 b5 7. Bb3 c5 8. dxc5 Qxd1+ 9. Nxd1 e6 10. 0-0 Bb7 11. Ne5 Bxc5 12. Be3 Nbd7 13. Nd3 Bd6 14. f3 0-0 15. a4 Bd5 16. Bxd5 Nxd5 17. Bf2 b4 18. Ne3 N7b6 19. Nxd5 Nxd5 20. Rac1 Rac8 21. Bd4 Rfd8 22. Rfd1 f6 23. c4 Nf4 24. Kf2 Nxd3+ 25. Rxd3 Bf4 26. Rcd1 Rxc4 27. g3 Rc2+ 28. Kf1 Bc7 29. R3d2 Kf7 30. Ke2 a5 31. Rxc2 Rd7 32. Ke3 e5 33. Ba7 Bd8 34. Rcd2 Ke6 1/2-1/2

[Event "TUR-chT 2nd League"]
[Site "Konya"]
[Date "2019.07.23"]
[Round "2.7"]
[White "Oner, Deniz"]
[Black "Ozbek, Busra"]
[Result "1-0"]
[WhiteElo "1085"]
[BlackElo "1866"]
[PlyCount "113"]
[EventDate "2019.07.22"]
[EventType "team-swiss"]
[EventRounds "9"]
[EventCountry "TUR"]
[SourceTitle "CBM 191 Extra"]
[Source "ChessBase"]
[SourceDate "2019.09.30"]
[SourceVersion "1"]
[SourceVersionDate "2019.09.30"]
[SourceQuality "1"]
[WhiteTeam "Konya Erkin"]
[BlackTeam "Mercan Egitim"]
[WhiteTeamCountry "TUR"]
[BlackTeamCountry "TUR"]

1. e4 c5 2. Nf3 d6 3. d4 cxd4 4. Nxd4 Nf6 5. Nc3 e6 6. Nf3 Nc6 7. Be3 Be7 8. Qd2 a6 9. Rd1 0-0 10. h3 b5 11. a3 Bb7 12. Bd3 Qc7 13. g4 Rfd8 14. g5 Nd7 15. Be2 Nde5 16. Nxe5 Nxe5 17. f4 Nc4 18. Bxc4 Qxc4 19. Qd4 Rac8 20. Rh2 Re8 21. h4 a5 22. Qb6 b4 23. Rd4 Qc5 24. Rxb4 Qxb6 25. Rxb6 Bc6 26. Ra6 Bd8 27. Rd2 d5 28. e5 Re7 29. Kd1 Be8 30. a4 Rb7 31. Kc1 Rcb8 32. b3 Rc8 33. Kb2 Be7 34. Rd3 Bb4 35. Na2 Be1 36. Bd2 Bxd2 37. Rxd2 Bxa4 38. Rxa5 Be8 39. Nc1 Kf8 40. Ne2 Ke7 41. Nd4 Rcc7 42. f5 Rb6 43. f6+ Kf8 44. Ra8 g6 45. Rh2 Rcb7 46. h5 Rc7 47. hxg6 fxg6 48. Rf2 Rcb7 49. Rf3 Rc7 50. Re3 Kf7 51. Rh3 Kf8 52. Rh1 Rcb7 53. Rha1 Kf7 54. Rd8 Rd7 55. Rc8 Rb4 56. c3 Rbb7 57. Raa8 1-0

[Event "World School-ch U15 Girls"]
[Site "Antalya"]
[Date "2019.04.26"]
[Round "9"]
[White "Ozbek, Busra"]
[Black "Kara, Gulce Nehir"]
[Result "1-0"]
[WhiteElo "1830"]
[BlackElo "1674"]
[PlyCount "144"]
[EventDate "2019.04.18"]
[EventType "swiss"]
[EventRounds "9"]
[EventCountry "TUR"]
[SourceTitle "CBM 190 Extra"]
[Source "ChessBase"]
[SourceDate "2019.07.15"]
[SourceVersion "1"]
[SourceVersionDate "2019.07.15"]
[SourceQuality "1"]

1. d4 d5 2. Nf3 Nf6 3. e3 e6 4. Bd3 c5 5. b3 Be7 6. Bb2 0-0 7. 0-0 b6 8. c4 Ba6 9. cxd5 exd5 10. Bxa6 Nxa6 11. Nc3 Nc7 12. Rc1 Rc8 13. dxc5 bxc5 14. Qd3 Qd6 15. Na4 Ne6 16. Rfd1 Rfd8 17. g3 Ne4 18. Nc3 Nxc3 19. Bxc3 Ng5 20. Nxg5 Bxg5 21. Qf5 Be7 22. Qg4 g6 23. Ba5 Rd7 24. Rc2 f5 25. Qe2 Qe6 26. Qf3 Bf6 27. Bc3 d4 28. Bxd4 Qd6 29. Rdd2 Qf8 30. Bxf6 Rxd2 31. Rxd2 Qxf6 32. Qd5+ Kh8 33. Qd7 Ra8 34. Qb7 Rd8 35. Rc2 Qe5 36. Qf3 g5 37. h3 Rd5 38. Rc1 Kg7 39. Qe2 Qe6 40. Qb2+ Kg6 41. Qc2 Kf6 42. Qc4 Qd6 43. Qe2 h6 44. e4 Re5 45. Rd1 Qe6 46. Qh5 Kg7 47. exf5 Rxf5 48. Qg4 Qf7 49. Rd2 Rd5 50. Rxd5 Qxd5 51. Qc8 Qd1+ 52. Kh2 Qc2 53. Qc7+ Kf6 54. Qc6+ Ke5 55. Qe8+ Kf6 56. Qf8+ Kg6 57. Qd6+ Kg7 58. Qe7+ Kg6 59. Qe8+ Kg7 60. Qd7+ Kf6 61. Qc6+ Ke5 62. Kg1 Qxa2 63. Qxc5+ Kf6 64. b4 Kg6 65. Qd6+ Kg7 66. Qe7+ Kg6 67. Qe4+ Kg7 68. Kg2 Qa3 69. b5 Qa1 70. Qb7+ Kg8 71. Qa8+ Kg7 72. b6 Qa5 1-0

[Event "World School-ch U15 Girls"]
[Site "Antalya"]
[Date "2019.04.25"]
[Round "8"]
[White "Tikvesli, Ceylin"]
[Black "Ozbek, Busra"]
[Result "0-1"]
[WhiteElo "1659"]
[BlackElo "1830"]
[PlyCount "80"]
[EventDate "2019.04.18"]
[EventType "swiss"]
[EventRounds "9"]
[EventCountry "TUR"]
[SourceTitle "CBM 190 Extra"]
[Source "ChessBase"]
[SourceDate "2019.07.15"]
[SourceVersion "1"]
[SourceVersionDate "2019.07.15"]
[SourceQuality "1"]

1. e4 c5 2. Nf3 e6 3. d4 cxd4 4. Nxd4 Nf6 5. Nc3 d6 6. Bg5 a6 7. f4 Be7 8. Qf3 h6 9. Bxf6 Bxf6 10. 0-0-0 Nd7 11. Nb3 Qc7 12. g4 Rb8 13. Kb1 b5 14. Qd3 Be7 15. Bg2 b4 16. Ne2 a5 17. Nbd4 Qb6 18. Qd2 Bb7 19. c4 Nf6 20. Ng3 Nxg4 21. h3 Nf6 22. e5 dxe5 23. fxe5 Nh7 24. Bxb7 Qxb7 25. h4 Rd8 26. Qf4 g5 27. Qg4 Nf8 28. Nh5 Rg8 29. Rhf1 Rg6 30. Nf6+ Bxf6 31. h5 Rg7 32. exf6 Rg8 33. Rfe1 Qb6 34. Nf5 Nh7 35. Ng7+ Kf8 36. Rxd8+ Qxd8 37. Rxe6 Nxf6 38. Re8+ Nxe8 39. Nxe8 Qxe8 40. Kc2 Qe5 0-1

[Event "World School-ch U15 Girls"]
[Site "Antalya"]
[Date "2019.04.24"]
[Round "7"]
[White "Ozbek, Busra"]
[Black "Nurgali, Nazerke"]
[Result "0-1"]
[WhiteElo "1830"]
[BlackElo "2101"]
[PlyCount "82"]
[EventDate "2019.04.18"]
[EventType "swiss"]
[EventRounds "9"]
[EventCountry "TUR"]
[SourceTitle "CBM 190 Extra"]
[Source "ChessBase"]
[SourceDate "2019.07.15"]
[SourceVersion "1"]
[SourceVersionDate "2019.07.15"]
[SourceQuality "1"]

1. d4 d5 2. Nf3 Nf6 3. e3 c5 4. b3 Nc6 5. Bb2 Bg4 6. Be2 e6 7. 0-0 Bxf3 8. Bxf3 cxd4 9. exd4 Qb6 10. Qd3 Bd6 11. a3 0-0 12. Nd2 Qc7 13. g3 e5 14. dxe5 Bxe5 15. Bxe5 Nxe5 16. Qf5 Rac8 17. Rac1 Nxf3+ 18. Nxf3 Qc3 19. Rfd1 Rfe8 20. Nd4 a6 21. Kg2 Rc7 22. a4 h6 23. Rd3 Qb4 24. Qf4 Qb6 25. Nf5 Re4 26. Qd2 Re5 27. Ne3 Qc6 28. f3 Rce7 29. Re1 Kh7 30. c3 g6 31. Nc2 Rxe1 32. Nxe1 Qe6 33. Nc2 Qe2+ 34. Kg1 Kg7 35. Qxe2 Rxe2 36. Ne3 Re1+ 37. Kf2 Rc1 38. b4 Kf8 39. a5 Ke7 40. h4 Ke6 41. g4 Rb1 0-1

[Event "World School-ch U15 Girls"]
[Site "Antalya"]
[Date "2019.04.21"]
[Round "4"]
[White "Pashayeva, Jamila"]
[Black "Ozbek, Busra"]
[Result "0-1"]
[WhiteElo "1431"]
[BlackElo "1830"]
[PlyCount "58"]
[EventDate "2019.04.18"]
[EventType "swiss"]
[EventRounds "9"]
[EventCountry "TUR"]
[SourceTitle "CBM 190 Extra"]
[Source "ChessBase"]
[SourceDate "2019.07.15"]
[SourceVersion "1"]
[SourceVersionDate "2019.07.15"]
[SourceQuality "1"]

1. d4 Nf6 2. c4 g6 3. Nc3 Bg7 4. e4 d6 5. Nf3 0-0 6. Be2 Nbd7 7. 0-0 e5 8. d5 Nc5 9. Qc2 a5 10. Be3 b6 11. a3 Ng4 12. Bxc5 bxc5 13. Ne1 h5 14. h3 Nh6 15. Rb1 Rb8 16. Na2 f5 17. b4 axb4 18. axb4 fxe4 19. bxc5 Rxb1 20. Qxb1 Qh4 21. g3 Qe7 22. cxd6 cxd6 23. Qxe4 Bxh3 24. Ng2 Nf5 25. Kh2 Bxg2 26. Kxg2 h4 27. g4 Nd4 28. Bf3 h3+ 29. Kh1 Qf6 0-1

[Event "EU-Cup (Women) 22nd"]
[Site "Antalya"]
[Date "2017.10.13"]
[Round "6.4"]
[White "Ozbek, Busra"]
[Black "Ozbay, Ece"]
[Result "0-1"]
[WhiteElo "1850"]
[BlackElo "1998"]
[PlyCount "124"]
[EventDate "2017.10.08"]
[EventType "team-swiss"]
[EventRounds "7"]
[EventCountry "TUR"]
[SourceTitle "CBM 181 Extra"]
[Source "ChessBase"]
[SourceDate "2017.12.12"]
[SourceVersion "1"]
[SourceVersionDate "2017.12.12"]
[SourceQuality "1"]
[WhiteTeam "Mediterranean (W)"]
[BlackTeam "Marmara (W)"]
[WhiteTeamCountry "TUR"]
[BlackTeamCountry "TUR"]

1. e4 c5 2. c3 d5 3. exd5 Qxd5 4. d4 Nf6 5. Nf3 Nc6 6. Be3 cxd4 7. cxd4 e6 8. Nc3 Qd6 9. a3 Be7 10. Bd3 0-0 11. 0-0 b6 12. Qe2 Bb7 13. Rad1 Rad8 14. Rfe1 Rfe8 15. Bb1 Qb8 16. Bg5 g6 17. Ba2 Ng4 18. g3 Bxg5 19. Nxg5 Nf6 20. Qf3 h6 21. Qxf6 hxg5 22. d5 exd5 23. Rxe8+ Rxe8 24. Bxd5 Ne5 25. Bxb7 Qxb7 26. Rd5 Nc6 27. f3 g4 28. fxg4 Re6 29. Qf4 Qe7 30. Rd2 Rf6 31. Qe4 Qc5+ 32. Kg2 Re6 33. Qd5 Qe7 34. Qf3 Ne5 35. Qd1 Qb7+ 36. Nd5 Nc4 37. Kf2 Nxd2 38. Qxd2 Rd6 39. Ne7+ Qxe7 40. Qc2 Rf6+ 41. Kg2 Qb7+ 42. Kg1 Qf3 43. Qc4 Qf2+ 44. Kh1 Qf1+ 45. Qxf1 Rxf1+ 46. Kg2 Rb1 47. b4 Rb3 48. h4 Rxa3 49. h5 a5 50. bxa5 bxa5 51. hxg6 fxg6 52. g5 Rb3 53. Kh3 a4 54. Kh4 Rb1 55. g4 a3 56. Kg3 a2 57. Kf4 a1Q 58. Ke4 Rb4+ 59. Kd5 Qa5+ 60. Ke6 Rb6+ 61. Ke7 Qa7+ 62. Ke8 Rb8# 0-1

[Event "TUR-chT 1st League"]
[Site "Konya"]
[Date "2017.07.19"]
[Round "4.5"]
[White "Ozbek, Busra"]
[Black "Yilmaz, Duygu Sila"]
[Result "1-0"]
[WhiteElo "1796"]
[BlackElo "1355"]
[PlyCount "58"]
[EventDate "2017.07.17"]
[EventType "team-swiss"]
[EventRounds "9"]
[EventCountry "TUR"]
[SourceTitle "CBM 179 Extra"]
[Source "ChessBase"]
[SourceDate "2017.08.23"]
[SourceVersion "1"]
[SourceVersionDate "2017.08.23"]
[SourceQuality "1"]
[WhiteTeam "Karman Masterler"]
[BlackTeam "Istanbul Teknik Uni"]
[WhiteTeamCountry "TUR"]
[BlackTeamCountry "TUR"]

1. d4 d5 2. Bf4 Nf6 3. Nf3 Bf5 4. e3 e6 5. c4 c5 6. Nc3 Nbd7 7. Qb3 Qc8 8. cxd5 exd5 9. Rc1 a5 10. a3 Be7 11. Be2 0-0 12. 0-0 Be6 13. Ng5 h6 14. Nxe6 fxe6 15. Nb5 Ne4 16. Qd1 Qd8 17. Nc7 g5 18. Nxe6 Qb6 19. Nxf8 Nxf8 20. Be5 Qxb2 21. Bh5 Qxa3 22. Qf3 Bf6 23. Bxf6 Nd2 24. Qg3 Nxf1 25. Qc7 Nd7 26. Qxd7 cxd4 27. exd4 Qf8 28. Qe6+ Kh7 29. Qf5+ Kg8 1-0

[Event "TUR-chT 1st League"]
[Site "Konya"]
[Date "2017.07.18"]
[Round "3.7"]
[White "Celik, Akarsu Bengi"]
[Black "Ozbek, Busra"]
[Result "0-1"]
[WhiteElo "1475"]
[BlackElo "1796"]
[PlyCount "128"]
[EventDate "2017.07.17"]
[EventType "team-swiss"]
[EventRounds "9"]
[EventCountry "TUR"]
[SourceTitle "CBM 179 Extra"]
[Source "ChessBase"]
[SourceDate "2017.08.23"]
[SourceVersion "1"]
[SourceVersionDate "2017.08.23"]
[SourceQuality "1"]
[WhiteTeam "Karsiyaka Ihtisas"]
[BlackTeam "Karman Masterler"]
[WhiteTeamCountry "TUR"]
[BlackTeamCountry "TUR"]

1. e4 d5 2. exd5 Qxd5 3. Nc3 Qd8 4. Bc4 Nf6 5. Nf3 Bf5 6. d3 e6 7. Bf4 c6 8. h3 Bd6 9. Qd2 Qc7 10. Bxd6 Qxd6 11. 0-0-0 Nbd7 12. Nh4 Bg6 13. g4 Nb6 14. Bb3 Nfd5 15. Ne4 Qe7 16. Nxg6 hxg6 17. Qg5 Qxg5+ 18. Nxg5 Ke7 19. Rde1 Rh4 20. c4 Nf4 21. Re3 Rah8 22. Bd1 Nd7 23. d4 f6 24. Nxe6 Nxe6 25. Rhe1 Ndf8 26. d5 Rxh3 27. dxe6 Rxe3 28. Rxe3 Nxe6 29. Bc2 Kd6 30. Bxg6 Rh1+ 31. Kd2 Rh2 32. Ke1 Nd4 33. b4 b6 34. Rd3 c5 35. b5 Rh6 36. Be4 Ke5 37. Re3 Kf4 38. Bd3 Rh1+ 39. Kd2 Ra1 40. Re7 Rxa2+ 41. Kc3 Ra3+ 42. Kd2 Nf3+ 43. Ke2 Ne5 44. Bf5 Ra2+ 45. Kd1 g6 46. Bc2 Kxg4 47. Re6 Ra1+ 48. Ke2 Ra2 49. Kd1 Kg5 50. f4+ Kxf4 51. Rxf6+ Kg5 52. Re6 Nxc4 53. Rxg6+ Kh5 54. Rg3 Ra1+ 55. Ke2 Ra2 56. Kd1 Na3 57. Bd3 Kh4 58. Rg7 c4 59. Bf5 c3 60. Rxa7 Rd2+ 61. Kc1 Nxb5 62. Rh7+ Kg5 63. Be6 Nd4 64. Bg8 Ne2+ 0-1